QUEST Central Library Banner

On Stability Analysis of VAN DER pol Nonic Duffing Oscillator (Record no. 67449)

MARC details
000 -LEADER
fixed length control field 00405nam a22001337a 4500
100 ## - MAIN ENTRY--AUTHOR NAME
Personal name Asmat Zahra
-- 17-MSM10
245 ## - TITLE STATEMENT
Title On Stability Analysis of VAN DER pol Nonic Duffing Oscillator
260 ## - PUBLICATION, DISTRIBUTION, ETC. (IMPRINT)
Place of publication Nawabshah
Name of publisher Quest
Year of publication 2021
300 ## - PHYSICAL DESCRIPTION
Number of Pages 59p.
650 ## - SUBJECT ADDED ENTRY--TOPICAL TERM
Topical Term Master of Science in Mathametics
700 ## - ADDED ENTRY--PERSONAL NAME
Personal name Department of Mathemetics and Statistics
856 ## - ELECTRONIC LOCATION AND ACCESS
Uniform Resource Identifier https://tinyurl.com/43a7fmfd
942 ## - ADDED ENTRY ELEMENTS (KOHA)
Koha item type Thesis and Dissertation
Holdings
Withdrawn status Lost status Home library Current library Date acquired Accession Number Koha item type
    Research Section Research Section 18/01/2022 MP/75-1018 Thesis and Dissertation
    Research Section Research Section 18/01/2022 MP/75-1019 Thesis and Dissertation

Copyright © 2018,The QUEST, Nawabshah, Shaheed Benazirabad. All rights reserved
Mr. G. Farooq Channar (Librarian) QUEST, Nawabshah, Sindh, Pakistan 67480.
 Ph#: |   0244-9370381-4 Ext. 2308   Email| lib@quest.edu.pk   Web|  http://www.quest.edu.pk